Normal view
MARC view
- MCWHIRTER, NORRIS D , MCFARLAN, DONALD
Entry Personal Name
001 - CONTROL NUMBER
- control field: 65272
003 - CONTROL NUMBER IDENTIFIER
- control field: NUST
005 - DATE AND TIME OF LATEST TRANSACTION
- control field: 20210628203417.0
008 - FIXED-LENGTH DATA ELEMENTS
- fixed length control field: 210628|| aca||aabn | a|a d
040 ## - CATALOGING SOURCE
- Original cataloging agency: NUST
- Transcribing agency: NUST
100 ## - HEADING--PERSONAL NAME
- Personal name: MCWHIRTER, NORRIS D , MCFARLAN, DONALD
670 ## - SOURCE DATA FOUND
- Source citation: Work cat.: (NUST): MCWHIRTER, NORRIS D , MCFARLAN, DONALD, THE GUINNESS BOOK OF RECORDS, 1989
